[Event "Znojemska Rotunda 2009"]
[Site "?"]
[Date "2009.08.22"]
[Round "9.6"]
[White "Dobes, Oldrich"]
[Black "Rysavy, Jindrich"]
[Result "1-0"]
[WhiteElo "1998"]
[BlackElo "1678"]
[PlyCount "51"]
[EventDate "2009.08.??"]
[SourceDate "2009.08.15"]

1. c4 e5 2. g3 Nf6 3. Bg2 Be7 4. Nc3 d6 5. Nf3 O-O 6. d4 Nbd7 7. O-O exd4 8.
Nxd4 Nb6 9. b3 c6 10. e4 Be6 11. Re1 Nbd7 12. Bb2 Qc7 13. Qd2 Rac8 14. Nde2 a6
15. Rad1 b5 16. cxb5 axb5 17. Nd4 Qb8 18. f4 Nb6 19. Nxe6 fxe6 20. Bh3 Kf7 21.
e5 dxe5 22. Rxe5 Rcd8 23. Bxe6+ Ke8 24. Qe2 Bd6 25. Rg5 Qa7 26. Bd7+ 1-0

[Event "Znojemska Rotunda 2009"]
[Site "?"]
[Date "2009.08.22"]
[Round "9.7"]
[White "Rysavy, Jan"]
[Black "Caha, Martin"]
[Result "1-0"]
[WhiteElo "1877"]
[BlackElo "1250"]
[PlyCount "93"]
[EventDate "2009.08.??"]
[SourceDate "2009.08.15"]

1. e4 e5 2. Nf3 d6 3. d4 Bg4 4. dxe5 Qe7 5. Bc4 Nd7 6. Bg5 Bxf3 7. Bxe7 Bxd1 8.
Bxf8 Kxf8 9. Kxd1 Nxe5 10. Bb3 Nf6 11. Nc3 c6 12. Re1 g6 13. Ke2 Re8 14. Rad1
d5 15. exd5 Neg4+ 16. Kf1 Rxe1+ 17. Kxe1 Kg7 {(=)} 18. h3 Ne5 19. f4 Ned7 20.
dxc6 bxc6 21. Rd6 Re8+ 22. Kf2 c5 23. Ba4 Rd8 24. Bxd7 Rxd7 25. Rxd7 Nxd7 26.
Ke3 Kf6 27. Ne4+ Ke7 28. Kd3 f5 29. Nc3 a6 30. Kc4 Kd6 31. Nd5 Kc6 32. Ne7+ Kd6
33. Nc8+ Kc7 34. Ne7 Kd6 35. Nd5 Kc6 36. c3 h6 37. Ne7+ Kb6 38. Nxg6 Nf6 39.
Ne7 Ne4 40. Nxf5 h5 41. g4 Nd2+ 42. Kd5 hxg4 43. hxg4 Nf3 44. g5 Nh2 45. g6 Ng4
46. Ke6 Kc6 47. g7 1-0

[Event "Znojemska Rotunda 2009"]
[Site "?"]
[Date "2009.08.22"]
[Round "9.8"]
[White "Adam, Petr ml."]
[Black "Marek, Jakub"]
[Result "1-0"]
[WhiteElo "1795"]
[BlackElo "1100"]
[PlyCount "73"]
[EventDate "2009.08.??"]
[SourceDate "2009.08.15"]

1. e4 Nc6 2. Nc3 b6 3. g3 Bb7 4. Bg2 e5 5. Nge2 Bb4 6. O-O Qe7 7. a3 Bxc3 8.
bxc3 Nf6 9. d3 O-O-O 10. f4 d6 11. Be3 Ng4 12. Bh3 Qe6 13. f5 Qe7 14. Bxg4 f6
15. Nc1 Qf7 16. Nb3 h5 17. Bh3 a6 18. a4 a5 19. Nd2 d5 20. exd5 Qxd5 21. Bg2
Qd7 22. Qf3 Rde8 23. Nc4 e4 24. dxe4 Qf7 25. Nd2 Qd7 26. Rfd1 Rd8 27. Nc4 Qf7
28. Qe2 Rxd1+ 29. Rxd1 Ba6 30. Nd6+ cxd6 31. Qxa6+ Kd7 32. Qb7+ Ke8 33. Qxc6+
Kf8 34. Rxd6 Qe8 35. Qxe8+ Kxe8 36. Rxb6 Kd7 37. Rb7+ 1-0

[Event "Znojemska Rotunda 2009"]
[Site "?"]
[Date "2009.08.22"]
[Round "9.9"]
[White "Hemalova, Lydie"]
[Black "Skokan, Frantisek"]
[Result "0-1"]
[WhiteElo "1250"]
[BlackElo "1901"]
[PlyCount "48"]
[EventDate "2009.08.??"]
[SourceDate "2009.08.15"]

1. e4 c5 2. Nf3 d6 3. d4 cxd4 4. Nxd4 Nf6 5. Nc3 a6 6. Be3 e5 7. Nb3 Be7 8. f3
Be6 9. Qd2 Nbd7 10. O-O-O b5 11. g4 Nb6 12. h4 b4 13. Ne2 Nc4 14. Qd3 Nxe3 15.
Qxe3 a5 16. Kb1 a4 17. Nd2 Qa5 18. Nc1 d5 19. exd5 Nxd5 20. Qxe5 Nc3+ 21. Qxc3
bxc3 22. b3 cxd2 23. Nd3 axb3 24. cxb3 Qxa2# 0-1